000 01305nam a22003857a 4500
003 CHAP
005 20220817042349.0
008 971013s1974 r 00010 d
010 _a42277
011 _a43249
035 _a47385
040 _cCHAP
082 _a339
_bF6
100 0 0 _aFoxley, Alejandro
_ecomp.
_942823
245 _aDistribución del ingreso
260 _aMéxico, D.F. :
_bFondo de Cultura Económica,
_c1974
300 _a509 p.
_b: gráfs.
490 _aLecturas
_v; 7
590 _aBATCH-UPD
_b10
_c20130109
_lUCH01
_h2320
590 _aBATCH-UPD
_b10
_c20130110
_lUCH01
_h0224
590 _aBATCH-UPD
_b10
_c20130110
_lUCH01
_h1026
590 _aBATCH-UPD
_b10
_c20130409
_lUCH01
_h2245
590 _aBATCH-UPD
_b10
_c20130410
_lUCH01
_h1121
590 _aBATCH-UPD
_b10
_c20130914
_lUCH01
_h1053
590 _aCONVERSION
_b10
_c20130109
_lUCH01
_h1323
650 1 4 _aAmerica Latina
_xCondiciones economicas.
_95390
650 1 4 _aCostos y nivel de vida
_xAmérica Latina.
_928521
650 1 4 _aDesarrollo económico.
650 1 4 _aIngresos
_xAmérica Latina.
_958363
830 0 _aLecturas
_v; 7
_965503
901 _aBK
942 _cLIBRO
949 _a339 F6
_bBC
_cLIBRO
_d33724000384947
_eLIBRO
_h38635
_i47385
_si
949 _a339 F6
_bBC
_cLIBRO
_d33724000384954
_eLIBRO
_fc.2
_h47088
_i47385
_si
999 _c42277
_d42277